| 000 | 01027nam a2200229 i 4500 | ||
|---|---|---|---|
| 001 | 20015 | ||
| 003 | ES-MaACL | ||
| 005 | 20230906152220.0 | ||
| 007 | t| | ||
| 008 | 021111s1890 sp |||| | spa d | ||
| 245 | 0 | 3 |
_aLa administración de justicia ante la opinión / _cobra escrita por Aguilar (Antonio) ... [et al.] ; con un prólogo de Vicente Amat y Furió. |
| 260 |
_aBarcelona : _b[s.n.], _c1890 ( _fImp. de Henrich y Comp.) |
||
| 300 |
_a340 p. ; _c22 cm. |
||
| 505 | 8 |
_aContiene: ; _tOralidad del juicio e instancia único en lo civil, tribunales municipales / _rFrancisco García Cuevas. -- _tEl juicio oral en materia civil / _rMariano Enciso |
|
| 530 | _aDisponible en formato digital. | ||
| 700 | 1 |
_aAguilar, Antonio _c(jurisconsulto) _918683 |
|
| 700 | 1 |
_aAmat y Furió, Vicente. _921148 |
|
| 700 | 1 |
_aGarcía Cuevas, Francisco. _954396 |
|
| 700 | 1 |
_aEnciso, Mariano. _947188 |
|
| 852 |
_aES-MaACL _jT-546-F-4 |
||
| 856 |
_uhttp://bdh-rd.bne.es/viewer.vm?id=0000186782&page=1 _zBiblioteca Digital Hispánica |
||
| 999 |
_c20015 _d20015 |
||